Tichá síla : tajné přednosti introvertních dětí /

Hlavní autor: Cain, Susan, 1968-
Další autoři: Fafejta, Ondřej, 1973-
Jazyk: Čeština
Vydáno: Praha : Portál, 2018
Vydání: Vydání první
Témata:
Fyzický popis: 231 stran : ilustrace ; 20 cm
Knihy
Uloženo v:
LEADER 02075nam a2200541 i 4500
001 nkc20183001635
003 CZ PrNK
005 20200511110109.0
007 ta
008 180611s2018 xr a e f 000 0 cze
015 |a cnb003001635 
020 |a 978-80-262-1367-3  |q (brožováno) 
035 |a (OCoLC)1056248651 
040 |a ABA001  |b cze  |d OLA001  |e rda 
041 1 |a cze  |h eng 
072 7 |a 159.92  |x Vývojová psychologie. Individuální psychologie  |2 Konspekt  |9 17 
080 |a 316.346.32-053.2  |2 MRF 
080 |a 159.923-021.342  |2 MRF 
080 |a 159.923-021.341  |2 MRF 
080 |a 316.472.4  |2 MRF 
080 |a (0.062)  |2 MRF 
100 1 |a Cain, Susan,  |d 1968-  |7 osa2012739533  |4 aut 
240 1 0 |a Quiet power.  |l Česky 
245 1 0 |a Tichá síla :  |b tajné přednosti introvertních dětí /  |c Susan Cain ; z anglického originálu přeložil Ondřej Fafejta 
250 |a Vydání první 
264 1 |a Praha :  |b Portál,  |c 2018 
300 |a 231 stran :  |b ilustrace ;  |c 20 cm 
336 |a text  |b txt  |2 rdacontent 
337 |a bez média  |b n  |2 rdamedia 
338 |a svazek  |b nc  |2 rdacarrier 
504 |a Obsahuje bibliografické odkazy 
650 0 7 |a děti a mládež  |7 ph119707  |2 czenas 
650 0 7 |a introverze  |7 ph218060  |2 czenas 
650 0 7 |a extraverze  |7 ph203857  |2 czenas 
650 0 7 |a interpersonální vztahy  |7 ph114786  |2 czenas 
650 0 9 |a children and youth  |2 eczenas 
650 0 9 |a introversion  |2 eczenas 
650 0 9 |a extraversion  |2 eczenas 
650 0 9 |a interpersonal relations  |2 eczenas 
655 7 |a populárně-naučné publikace  |7 fd131864  |2 czenas 
655 9 |a popular works  |2 eczenas 
700 1 |a Fafejta, Ondřej,  |d 1973-  |7 ola2004219929  |4 trl 
910 2 |a BOA001  |b 1-1413.605 
990 |a BK 
995 |a 01 
996 6 |b 2610751917  |c 1-1413.605  |l MZK  |r Sklad / do 1 hodiny  |n 1  |p p.v.  |w 001680385  |u 000010  |a 1  |e BOA001  |j MZK50  |s P 
996 7 |b 2610753747  |c 1-1413.605  |l MZK  |r Sklad / do 1 hodiny  |n 13  |p kup  |w 001680385  |u 000020  |a 1  |e BOA001  |j MZK50  |s A 
996 7 |b 2610822924  |c 1-1413.605  |l MZK  |r Sklad / do 1 hodiny  |n 2  |p kup  |w 001680385  |u 000030  |a 1  |e BOA001  |j MZK50  |s A